00338 a2200109 450000500170000002000220001710000170003924500690005625000120012526000470013730000440018420250628194229.0 a978-1-0718-0771-2 aWARNER, M. R aApplied Statistics II: Multivariable and Multivariate Techniques a3rd Ed. aLos Angelsb Sage Publications Ltd. c2021 axxiii,682p.:ill.;figuresb Index c25cm